000 00883nam a22002297a 4500
005 20240328104833.0
010 _aHIN-127219
020 _a9788194915454
_c500.00
035 _aHN-99565
037 _bDBAD/PUB.
082 _a
100 _aअयंगर,एस आर आर
_964034
245 _aभारतीय योद्धा;साहस,बहादुरी और त्याग की वीर गाथा/
_cएस आर आर अयंगर [et.al]
250 _a1
260 _anew delhi
_buday publishing house
_c2021
270 _a4648/21 Ansari Road Darya Ganj
_bNew Delhi
_e110002
300 _a126 पृ;
_c23 सेमी (सजिल्द)
700 _aपी वी एस एम
_963915
700 _aए वी एस एम
_963916
700 _aवी एस एम
_963917
942 _adpl
_cHN
_2ddc
_h
_mअयंग
999 _c201765
_d201765